00197nam a2200073 4500008004100000245003800041246003500079260000900114240222b |||||||| |||| 00| 0 eng d aLogos-Vol. 28, no. 1 (March 1989) aTowards liberation in Pakistan c1989